[Event "ESP-ch (Women)"]
[Site "Salobrena"]
[Date "2012.08.02"]
[Round "5"]
[White "Ruiz Font, Elisabet"]
[Black "Duarte Garcia, Pilar"]
[Result "1-0"]
[WhiteElo "2039"]
[BlackElo "1684"]
[PlyCount "113"]
[EventDate "2012.07.30"]
[EventType "swiss"]
[EventRounds "7"]
[EventCountry "ESP"]
[SourceTitle "CBM 149 Extra"]
[Source "ChessBase"]
[SourceDate "2012.08.24"]
[SourceVersion "1"]
[SourceVersionDate "2012.08.24"]
[SourceQuality "1"]

1. e4 c6 2. d4 d5 3. e5 Bf5 4. Nf3 e6 5. a3 Nd7 6. Nbd2 Be7 7. Be2 Nh6 8. 0-0 Bg6 9. Re1 Nf5 10. Nf1 0-0 11. Ng3 c5 12. Nxf5 Bxf5 13. dxc5 Nxc5 14. Nd4 Bg6 15. c4 dxc4 16. Bxc4 a5 17. Nb5 Nd3 18. Bxd3 Bxd3 19. Nc3 Bg6 20. Qf3 Qb6 21. Na4 Qb5 22. Nc3 Qa6 23. Be3 b5 24. Red1 Rfd8 25. Qe2 Rxd1+ 26. Rxd1 b4 27. Qxa6 Rxa6 28. Nb5 h6 29. Rd7 bxa3 30. bxa3 Bf8 31. Rc7 Ra8 32. Nd6 a4 33. Ba7 Rd8 34. Bc5 f6 35. f4 fxe5 36. fxe5 Kh7 37. Kf2 Bxd6 38. exd6 e5 39. g4 Be8 40. Re7 Bd7 41. h3 Bc6 42. Rxe5 Rf8+ 43. Ke3 Re8 44. Kd4 Kg6 45. Rf5 Bd7 46. Rf2 Bc6 47. Bb4 Bd7 48. Kc5 Rc8+ 49. Kb6 Rc6+ 50. Kb7 Rc8 51. Re2 Rd8 52. Re7 Bb5 53. Kc7 Ra8 54. Bc5 Kf6 55. d7 Bxd7 56. Rxd7 Re8 57. Bd4+ 1-0

[Event "ESP-ch (Women)"]
[Site "Salobrena"]
[Date "2012.08.01"]
[Round "4"]
[White "Duarte Garcia, Pilar"]
[Black "Romero Diez, Sandra"]
[Result "1-0"]
[WhiteElo "1684"]
[BlackElo "1844"]
[PlyCount "97"]
[EventDate "2012.07.30"]
[EventType "swiss"]
[EventRounds "7"]
[EventCountry "ESP"]
[SourceTitle "CBM 149 Extra"]
[Source "ChessBase"]
[SourceDate "2012.08.24"]
[SourceVersion "1"]
[SourceVersionDate "2012.08.24"]
[SourceQuality "1"]

1. d4 Nc6 2. Nf3 e6 3. c4 Nf6 4. g3 d6 5. Bg2 g6 6. 0-0 Bg7 7. Nc3 0-0 8. e4 e5 9. d5 Ne7 10. h3 Nd7 11. Ne1 f5 12. Nd3 a5 13. Rb1 h6 14. b3 Kh7 15. a3 Ng8 16. b4 axb4 17. axb4 Qe7 18. Qe2 Ngf6 19. Be3 Nh5 20. exf5 e4 21. fxg6+ Kh8 22. Nxe4 Ndf6 23. Nxf6 Nxf6 24. Nf4 Bf5 25. Rbc1 Ne4 26. g4 Bd7 27. Qd3 Nf6 28. Bd2 Ng8 29. Rce1 Qh4 30. Nh5 Rae8 31. Rxe8 Bxe8 32. Nxg7 Kxg7 33. Bc3+ Nf6 34. Re1 Bxg6 35. Re7+ Rf7 36. Rxf7+ Bxf7 37. Qf5 h5 38. Bxf6+ Qxf6 39. Qxf6+ Kxf6 40. f4 hxg4 41. hxg4 Bg6 42. Kf2 Bc2 43. Bf1 b6 44. Ke3 Bd1 45. Be2 Bc2 46. Bd3 Bd1 47. g5+ Kf7 48. f5 Bh5 49. Be2 1-0

[Event "ESP-ch U14"]
[Site "Padron"]
[Date "2008.07.17"]
[Round "8"]
[White "Castillo Sanjuan, Alejandro"]
[Black "Duarte Garcia, Pilar"]
[Result "1-0"]
[WhiteElo "1915"]
[BlackElo "1739"]
[PlyCount "65"]
[EventDate "2008.07.13"]
[EventType "swiss"]
[EventRounds "9"]
[EventCountry "ESP"]
[SourceTitle "CBM 125 Extra"]
[Source "ChessBase"]
[SourceDate "2008.09.01"]
[SourceVersion "1"]
[SourceVersionDate "2008.09.01"]
[SourceQuality "1"]

1. d4 d5 2. c4 c6 3. Nf3 Nf6 4. Bg5 e6 5. Nc3 a6 6. e3 b5 7. cxd5 cxd5 8. a3 Be7 9. Bd3 0-0 10. 0-0 Nbd7 11. b4 Nb6 12. Ne5 Bb7 13. f4 Nc4 14. Rf3 Nb2 15. Qc2 Nxd3 16. Qxd3 Rc8 17. Rh3 h6 18. Bxf6 Bxf6 19. g4 Bxe5 20. fxe5 f5 21. gxf5 Rxf5 22. Ne2 Rg5+ 23. Kh1 Rc4 24. Rg3 Rxg3 25. hxg3 Qg5 26. Kg2 Qg4 27. Nf4 Rc7 28. Rh1 Bc8 29. Rh4 Qg5 30. Rh5 Qd8 31. Qg6 Kh8 32. Nh3 Qe7 33. Ng5 1-0

[Event "ESP-ch U14"]
[Site "Padron"]
[Date "2008.07.13"]
[Round "2"]
[White "Beltran de Heredia Eguiaz, Miguel Angel"]
[Black "Duarte Garcia, Pilar"]
[Result "1-0"]
[WhiteElo "1993"]
[BlackElo "1739"]
[PlyCount "45"]
[EventDate "2008.07.13"]
[EventType "swiss"]
[EventRounds "9"]
[EventCountry "ESP"]
[SourceTitle "CBM 125 Extra"]
[Source "ChessBase"]
[SourceDate "2008.09.01"]
[SourceVersion "1"]
[SourceVersionDate "2008.09.01"]
[SourceQuality "1"]

1. e4 e5 2. Nf3 Nf6 3. Nxe5 d6 4. Nf3 Nxe4 5. Nc3 Nxc3 6. dxc3 Be7 7. Bf4 Be6 8. Nd4 Bd7 9. Qd2 Nc6 10. 0-0-0 0-0 11. Bd3 Nxd4 12. cxd4 d5 13. h4 a5 14. Rde1 c6 15. f3 b5 16. g4 b4 17. g5 a4 18. Kb1 Re8 19. h5 Qb6 20. g6 fxg6 21. hxg6 Kh8 22. Rxh7+ Kg8 23. Reh1 1-0

[Event "ESP-chT U14"]
[Site "Aviles"]
[Date "2008.06.27"]
[Round "4.1"]
[White "Duarte Garcia, Pilar"]
[Black "Martinez Fernandez, Raul"]
[Result "0-1"]
[WhiteElo "1742"]
[BlackElo "1726"]
[PlyCount "140"]
[EventDate "2008.06.25"]
[EventType "team-swiss"]
[EventRounds "6"]
[EventCountry "ESP"]
[SourceTitle "EXT 2010"]
[Source "ChessBase"]
[SourceDate "2010.11.25"]
[SourceVersion "1"]
[SourceVersionDate "2010.11.25"]
[SourceQuality "1"]

1. e4 e5 2. Nf3 Nc6 3. Nc3 Nf6 4. d4 exd4 5. Nxd4 Nxd4 6. Qxd4 b6 7. Bg5 Be7 8. Bc4 Bb7 9. f3 h6 10. Bh4 0-0 11. 0-0-0 d6 12. e5 Ne8 13. Bxe7 Qxe7 14. exd6 Nxd6 15. Bd5 Rad8 16. Bxb7 Nxb7 17. Qf2 Nc5 18. Rhe1 Qg5+ 19. Kb1 Qf5 20. Qg3 Ne6 21. Ne4 Qb5 22. Nc3 Qf5 23. Ne4 Qb5 24. Qg4 Rxd1+ 25. Rxd1 f5 26. Nc3 fxg4 27. Nxb5 gxf3 28. gxf3 a6 29. Nc3 Rxf3 30. Nd5 Rf2 31. Rh1 Kh7 32. h4 b5 33. Nb4 a5 34. Nc6 a4 35. Na7 Nd4 36. c3 Nf3 37. Nxb5 Nd2+ 38. Kc1 Nc4 39. Nxc7 Rxb2 40. Ne6 Rxa2 41. Kb1 Rg2 42. Nc5 a3 43. Na4 Na5 44. Nc5 Rb2+ 45. Ka1 Nb3+ 46. Nxb3 Rxb3 47. Rh3 Rb2 48. h5 Rg2 49. c4 Rc2 50. Rh4 Kg8 51. Rf4 Rc3 52. Ka2 Kh7 53. Ka1 g5 54. Rf7+ Kg8 55. Rf6 Rxc4 56. Rxh6 g4 57. Rg6+ Kh7 58. Ka2 Ra4 59. Ka1 a2 60. Re6 g3 61. Rg6 Ra3 62. Rf6 Ra7 63. Rf1 g2 64. Rg1 Rg7 65. Kxa2 Kh6 66. Kb2 Kxh5 67. Kc2 Kh4 68. Kd2 Kh3 69. Ke2 Kh2 70. Kf2 Rf7+ 0-1